000 00633nam a2200241Ia 4500
003 OSt
005 20220918181726.0
006 a|||||r|||| 00| 0
007 ta
008 220917b |||||||| |||| 00| 0 eng d
024 _a28,261
037 _cTextual
040 _aARTS
_cARTS
_beng
041 _2eng
_aeng
082 _aO111,1N311,1, K9
100 _aMbiti John S
_959111
245 0 _aPoems of nature and faith
260 _aNaiberi
_bEast African
_c1969
300 _a63p.
_ccm.
650 _aENGLISH LITERATURE
942 _hO111,1N311,1, K9
_cTEXL
_2CC
999 _c166605
_d166605